Determination of sensitivity for in-process control of cable product insulation; IOP Conference Series: Materials Science and Engineering; Vol. 81 : Radiation-Thermal Effects and Processes in Inorganic Materials

Dettagli Bibliografici
Parent link:IOP Conference Series: Materials Science and Engineering
Vol. 81 : Radiation-Thermal Effects and Processes in Inorganic Materials.— 2015.— [012083, 8 p.]
Ente Autore: Национальный исследовательский Томский политехнический университет (ТПУ) Институт неразрушающего контроля (ИНК) Кафедра физических методов и приборов контроля качества (ФМПК)
Altri autori: Redko V. V. Vitaliy Vladimirovich, Starikova N. S. Nadezhda Sergeevna, Vavilova G. V. Galina Vasilievna, Redko L. A. Lyudmila Anatolevna
Riassunto:Title screen
This article presents current methods of cable insulation control. The new method which allows to improve reliability of cable insulation control was offered. The cable model with several types of defects was developed by using Comsol Myltiphysics software. Minimal sizes of defects which can be detected by using given in-process control method.
Режим доступа: по договору с организацией-держателем ресурса
Lingua:inglese
Pubblicazione: 2015
Soggetti:
Accesso online:http://dx.doi.org/10.1088/1757-899X/81/1/012083
http://earchive.tpu.ru/handle/11683/14728
Natura: Elettronico Capitolo di libro
KOHA link:https://koha.lib.tpu.ru/cgi-bin/koha/opac-detail.pl?biblionumber=643010

MARC

LEADER 00000nla2a2200000 4500
001 643010
005 20231214092811.0
035 |a (RuTPU)RU\TPU\network\7998 
035 |a RU\TPU\network\7995 
090 |a 643010 
100 |a 20150826a2015 k y0engy50 ba 
101 0 |a eng 
102 |a GB 
105 |a y z 100zy 
135 |a drcn ---uucaa 
181 0 |a i  
182 0 |a b 
200 1 |a Determination of sensitivity for in-process control of cable product insulation  |f V. V. Redko [et al.] 
203 |a Text  |c electronic 
300 |a Title screen 
320 |a [References: 6 tit.] 
330 |a This article presents current methods of cable insulation control. The new method which allows to improve reliability of cable insulation control was offered. The cable model with several types of defects was developed by using Comsol Myltiphysics software. Minimal sizes of defects which can be detected by using given in-process control method. 
333 |a Режим доступа: по договору с организацией-держателем ресурса 
337 |a Adobe Reader 
461 1 |0 (RuTPU)RU\TPU\network\2008  |t IOP Conference Series: Materials Science and Engineering 
463 1 |0 (RuTPU)RU\TPU\network\7891  |t Vol. 81 : Radiation-Thermal Effects and Processes in Inorganic Materials  |o International Scientific Conference, 3-8 November 2014, Tomsk, Russia  |o [proceedings]  |v [012083, 8 p.]  |d 2015 
610 1 |a электронный ресурс 
610 1 |a труды учёных ТПУ 
610 1 |a чувствительность 
610 1 |a контроль 
610 1 |a изоляция 
610 1 |a кабели 
701 1 |a Redko  |b V. V.  |c specialist in the field of non-destructive testing  |c Associate Professor of Tomsk Polytechnic University, Candidate of technical sciences  |f 1974-  |g Vitaliy Vladimirovich  |3 (RuTPU)RU\TPU\pers\32887  |9 16735 
701 1 |a Starikova  |b N. S.  |c specialist in the field of non-destructive testing  |c Engineer of Tomsk Polytechnic University  |f 1990-  |g Nadezhda Sergeevna  |3 (RuTPU)RU\TPU\pers\32605  |9 16518 
701 1 |a Vavilova  |b G. V.  |c specialist in the field of non-destructive testing  |c Head of Laboratory, Associate Professor of Tomsk Polytechnic University, Candidate of Technical Sciences  |f 1981-  |g Galina Vasilievna  |3 (RuTPU)RU\TPU\pers\32607  |9 16520 
701 1 |a Redko  |b L. A.  |c specialist in the field of quality  |c Associate Professor of the Tomsk Polytechnic University, Candidate of technical sciences  |f 1978-  |g Lyudmila Anatolevna  |3 (RuTPU)RU\TPU\pers\32405  |9 16356 
712 0 2 |a Национальный исследовательский Томский политехнический университет (ТПУ)  |b Институт неразрушающего контроля (ИНК)  |b Кафедра физических методов и приборов контроля качества (ФМПК)  |3 (RuTPU)RU\TPU\col\18709 
801 2 |a RU  |b 63413507  |c 20161212  |g RCR 
856 4 |u http://dx.doi.org/10.1088/1757-899X/81/1/012083 
856 4 |u http://earchive.tpu.ru/handle/11683/14728 
942 |c CF